00471nam a2200145Ia 4500008004100000041000800041082001600049100002000065245002300085260003800108300002900146365001100175999001700186952012200203240624s9999 xx 000 0 und d aeng a332.645 CAR aCARRET PHILIP L aART OF SPECULATION c2006aMumbaibSterling Book House ax, : 364 : p. : cm. ; 21 cRSb25 c19023d19023 00104070aIMTNbIMTNcRack 12-Bd2012-05-16eAPg200.00o332.645 CARp19023r2024-06-24 00:00:00t1w2024-06-24yBK